De Gaulle (Record no. 16292)

MARC details
000 -Etiqueta do registo
Valores 00782cam a2200265 4500
010 ## - Número ISBN
ISBN 9724111776
021 ## - Número do Depósito Legal
Número 55980/92
100 ## - Dados gerais de processamento
Dados gerais 19930628d1993 cd y0pory5003 ba
200 1# - Titulo e menção de responsabilidade
Título próprio De Gaulle
Primeira menção de responsabilidade texto Jacques Marseille
Outras menções de responsabilidade trad. e adapt. Manuela Sinde
-- il. Lucien Nortier, Christian Gaty
-- dir. Alain Plessis
205 ## - Menção da edição
Edição 1ª ed.
210 #9 - Publicação
Local de publicação Porto
Nome do editor ASA,
Data de publicação 1990
215 ## - Descrição física 
Paginação / Volumes 35, [1] p.
Outras indicações físicas todo il.
Dimensões 25 cm
225 2# - Colecção 
Título próprio da colecção Nova história júnior;
Indicação de volume 20)
606 ## - Nome comum usado como assunto
ID Autoridade 164
Palavra de ordem História Infanto Juvenil
675 ## - CDU
Notação 087.5
Edição BN
Língua por
675 ## - CDU
Notação 94(4)
Edição BN
Língua por
700 #1 - Autor principal (pessoa individual)
Apelido Marseille,
Nome Jacques
702 #1 - Autor secundário (pessoa individual)
Apelido Nortier,
Nome Lucien
702 #1 - Autor secundário (pessoa individual)
Apelido Gaty,
Nome Christian
702 #1 - Autor secundário (pessoa individual)
Apelido Plessis,
Nome Alain
702 #1 - Autor secundário (pessoa individual)
Apelido Sinde,
Nome Manuela
801 #0 - Fonte de origem
País PT
Agência BN
Regras de catalogação RPC
990 ## - Elementos KOHA
Tipo de documento Livro

No items available.

Powered by Koha